El método : la naturaleza de la naturaleza /

Guardado en:
Bibliografiske detaljer
Hovedforfatter: Morin, Edgar (autor)
Format: Bog
Sprog:spansk
Udgivet: Madrid, España : Cátedra, 1999, c1999
Serier:(Teorema. Serie Mayor)
Fag:
Tags: Tilføj Tag
Ingen Tags, Vær først til at tagge denne postø!

MARC

LEADER 00000nam^a2200000^a^4500
001 000258680
005 20250521000000.0
009 20260526133522.768
020 |a 84-376-0267-X 
037 |a Acervo Xavier Clavigero 
041 |a ESP 
082 |a 300. 1  |b MOR V. 1 
100 |a Morin, Edgar  |e (autor) 
240 1 4 |a [El método] 
240 1 4 |a [La naturaleza de la naturaleza] 
245 1 3 |a El método :  |b la naturaleza de la naturaleza /  |c E. Morin ; tr. por Ana Sánchez, Dora Sánchez García. 
264 4 |a Madrid, España :  |b Cátedra,  |c 1999, c1999 
300 |a 448 p. 
336 |a texto  |b txt  |2 rdacontenido 
337 |a sin mediación  |b n  |2 rdamedio 
338 |a volumen  |b nc  |2 rdasoporte 
440 1 |a (Teorema.  |p Serie Mayor) 
500 |a Traducción de: La méthode I. La nature de la nature 
649 |a XX 
650 |a Conocimiento 
650 |a Pensamiento 
650 |a Epistemología 
650 |a Interdisciplinariedad 
650 |a Transdisciplinariedad 
650 |a Orden Biológico 
650 |a Interacción Comunicativa 
650 |a Cibernética 
650 |a Teoría de Sistemas 
650 |a Naturaleza -  |x Teoría 
650 |a Ecología 
650 |a Biología 
650 |a Antropología 
650 |a Sociología 
910 |a Fondo General 
920 |a Impresos - Libros 
930 |a Colección General 
905 |a 101 
901 |a 069753  |b IT1  |c ACC  |u 20250521 
902 |a https://opac.biblio.iteso.mx/vufind/Record/000258680